000 00565nam a2200181Ia 4500
008 100920s9999 xx 000 0 und d
082 _b92516
_a--- न 00
100 _aइनामदार ना.स.
245 _aराजेश्री.
260 _bकॉन्टिनेंटल प्रकाशन,पुणे.
_c2000
300 _a693
_bसाधी
365 _b275
520 _aकादंबरी.
630 _aराजेश्री.
650 _aकादंबरी.
730 _aराजेश्री.
942 _cBOOK
999 _c732962
_d732959